Nimeä kaikki Suomessa tavatut Anas-suvun linnut - Statistics

Yleistilastot
  • Tätä visaa on pelattu 31 kertaa
  • Keskiarvotulos 8 / 12
Vastaustilastot
Tieteellinen nimi 3+3 Vastaus % Oikein
Anapla Sinisorsa
100%
Anacre Tavi
100%
Anapen Haapana
79%
Anaacu Jouhisorsa
75%
Anacar Amerikantavi
71%
Anastr Harmaasorsa
71%
Anaque Heinätavi
71%
Anacly Lapasorsa
67%
Anadis Sinisiipitavi
63%
Anaame Amerikanhaapana
54%
Anafor Siperiantavi
50%
Anarub Nokisorsa
42%
Ehtoja vastaavia visoja ei löytynyt
Tulosjakauma
Jokaisen tuloksen saaneiden osuus
Persentiili vastausten määrän mukaan
Tuloshistoriasi
Et ole pelannut tätä visaa